LEADER 01824nam 2200409Ia 450 001 996386470103316 005 20200824132103.0 035 $a(CKB)4940000000081155 035 $a(EEBO)2240868921 035 $a(OCoLC)ocm13674420e 035 $a(OCoLC)13674420 035 $a(EXLCZ)994940000000081155 100 $a19860602d1691 uy | 101 0 $aeng 135 $aurbn||||a|bb| 200 14$aThe triumphs of the reformed religion in America$b[electronic resource] $ethe life of the renowned John Eliot, a person justly famous in the church of God, not only as an eminent Christian and an excellant minister among the English, but also as a memorable evangelist amoung the Indians of New-England : with some account concerning the late and strange success of the Gospel in those parts of the world which for many ages have lain buried in pagan ignorance /$fwritten by Cotton Mather 210 $aBoston $cPrinted by Benjamin Harris and John Allen for Joseph Brunning ...$d1691 215 $a[8], 152 p 300 $aRunning and half-title: The life of the renowned John Eliot. 300 $a"A letter concerning the success of the Gospel amongst the Indians in New-England"--p. 88-93. 300 $aReproduction of original in Huntington Library. 330 $aeebo-0113 606 $aMissionaries$zNew England$vBiography 606 $aMassachuset Indians$xMissions$vEarly works to 1800 615 0$aMissionaries 615 0$aMassachuset Indians$xMissions 700 $aMather$b Cotton$f1663-1728.$0275561 701 2$aMather$b Increase$f1639-1723.$0790750 801 0$bEAA 801 1$bEAA 801 2$bm/c 801 2$bEAA 801 2$bWaOLN 906 $aBOOK 912 $a996386470103316 996 $aThe triumphs of the reformed religion in America$92395665 997 $aUNISA LEADER 00992nam a22002411i 4500 001 991003718579707536 005 20030917173211.0 008 031111s1979 it |||||||||||||||||ita 035 $ab12465100-39ule_inst 035 $aARCHE-049839$9ExL 040 $aDip.to Lingue$bita$cA.t.i. Arché s.c.r.l. Pandora Sicilia s.r.l. 082 04$a833.912 100 1 $aHesse, Hermann$0131876 245 13$aIl lupo della steppa :$bcon una cronologia della vita dell'autore e dei suoi tempi, un'introduzione, un'antologia critica e una bibliografia /$cHermann Hesse ; traduzione di Ervino Pocar 260 $aMilano :$bMondadori,$c1979 300 $a281 p. ;$c18 cm 700 1 $aPocar, Ervino 907 $a.b12465100$b02-04-14$c13-11-03 912 $a991003718579707536 945 $aLE012 838.91 HES 31$g1$i2012000210837$lle012$o-$pE0.00$q-$rl$s- $t0$u1$v0$w1$x0$y.i12895544$z13-11-03 996 $aLupo della steppa$9181549 997 $aUNISALENTO 998 $ale012$b13-11-03$cm$da $e-$fita$git $h3$i1